Đặc điểm nghệ thuật truyện và ký Lưu Trọng Lư
Lưu Trọng Lư - Chân dung con người nghệ sĩ đa tài; Cảm thức thời đại trong truyện và ký Lưu Trọng Lư; Các thủ pháp nghệ thuật trong truyện và ký Lưu Trọng Lư
Guardado en:
| Autor principal: | |
|---|---|
| Otros Autores: | |
| Formato: | Libro |
| Publicado: |
Đà Nẵng
Đại học Đà Nẵng
2012
|
| Materias: | |
| Etiquetas: |
Agregar Etiqueta
Sin Etiquetas, Sea el primero en etiquetar este registro!
|
| Thư viện lưu trữ: | Mạng thư viện Đại học Đà Nẵng |
|---|
| LEADER | 01672nam a2200337 4500 | ||
|---|---|---|---|
| 001 | 000017930 | ||
| 003 | 14356 | ||
| 005 | 20130828140811.0 | ||
| 008 | 130621s2012 sd | ||
| 082 | |a 895.92233 |b LÊ-H | ||
| 100 | |a Lê Thu Hà | ||
| 245 | |a Đặc điểm nghệ thuật truyện và ký Lưu Trọng Lư |c Lê Thu Hà ; Nguyễn Phong Nam hướng dẫn. |k Luận văn Thạc sĩ | ||
| 260 | |a Đà Nẵng |b Đại học Đà Nẵng |c 2012 | ||
| 300 | |a 84 tr. |c 29 cm. |e CD + tóm tắt | ||
| 500 | |a Luận văn thạc sĩ Khoa học xã hội và nhân văn. Chuyên ngành : Văn học Việt Nam. Mã số: 60.22.34. | ||
| 520 | |a Lưu Trọng Lư - Chân dung con người nghệ sĩ đa tài; Cảm thức thời đại trong truyện và ký Lưu Trọng Lư; Các thủ pháp nghệ thuật trong truyện và ký Lưu Trọng Lư | ||
| 600 | 1 | 4 | |a Lưu Trọng Lư |d 1911-1991 |
| 650 | 0 | 4 | |a Truyện Việt |v Luận văn tốt nghiệp |x Lưu Trọng Lư |
| 650 | 0 | 4 | |a Kí Việt |v Luận văn tốt nghiệp |x Lưu Trọng Lư |
| 653 | |a Truyện Việt |a Lưu Trọng Lư |a Kí Việt |a Văn học Việt Nam | ||
| 700 | |a Nguyễn Phong Nam |c PGS.TS |e Hướng dẫn | ||
| OWN | |a LSP | ||
| AVA | |a UDN50 |b LSP |d 895.92233 LÊ-H |e available |t Error 5001 Not defined in file expand_doc_bib_avail. |f 1 |g 0 |h N |i 0 |k 1 | ||
| 999 | |a From the UDN01 | ||
| AVA | |a UDN50 |b LSP |d 895.92233 LÊ-H |e available |t Error 5001 Not defined in file expand_doc_bib_avail. |f 1 |g 0 |h N |i 0 |k 1 | ||
| TYP | |a Monograph | ||
| TYP | |a Printed language | ||
| 980 | |a Mạng thư viện Đại học Đà Nẵng | ||